Countries of Oceania in Alphabetical Order With a Map - Statistics

General Stats
  • This quiz has been taken 15 times
  • The average score is 11 of 14
Answers on the Map
Answers color-coded by a green-red scale on the quiz's map according to % correct below.
 
Answer Stats
Country % Correct
Australia
100%
New Zealand
85%
Papua New Guinea
85%
Fed. States of Micronesia
77%
Fiji
77%
Kiribati
77%
Palau
77%
Vanuatu
77%
Samoa
69%
Solomon Islands
69%
Tonga
69%
Tuvalu
69%
Marshall Islands
62%
Nauru
62%
No matching quizzes found
Score Distribution
Percent of People with Each Score
Percentile by Number Answered
Your Score History
You have not taken this quiz